000
00335nam a2200133Ia 4500
008
220216s9999 xx 000 0 und d
100
_a
Choo K T
245
0
_a
Seasoning of rubberwood
260
_b
Rubberwood: Processing and utilization
_c
1994
300
_a
105-119
650
_a
Rubberwood
700
_a
Samsi Hashim W
942
_c
JS
999
_c
68511
_d
68511